[Event "DVM U12 2018"]
[Site "Magdeburg GER"]
[Date "2018.12.27"]
[Round "2"]
[White "Garner, Isaac"]
[Black "Klühs, Gustaf"]
[Result "1/2-1/2"]
[Termination "normal"]
[Board "1.1"]
[WhiteElo "1852"]
[BlackElo "1682"]
[WhiteClock "00:26:11"]
[BlackClock "01:40:47"]
[WhiteTeam "Hamburger SK"]
[BlackTeam "SC Borussia Lichtenberg"]
[PlyCount "143"]
[WhiteFideId "16239261"]
[BlackFideId "16228936"]
[EventCountry "GER"]
[EventRounds "7"]
[EventType "team-swiss"]
[EventDate "2018.12.26"]

1. e4 {[%clk 1:30:58]} c5 {[%clk 1:30:58]} 2. Nf3 {[%clk 1:31:21]} Nc6 {[%clk
1:31:25]} 3. d4 {[%clk 1:31:40]} cxd4 {[%clk 1:31:53]} 4. Nxd4 {[%clk 1:32:00]}
Nf6 {[%clk 1:32:19]} 5. Nc3 {[%clk 1:32:20]} e5 {[%clk 1:32:45]} 6. Ndb5 {[%clk
1:32:44]} d6 {[%clk 1:33:12]} 7. Nd5 {[%clk 1:33:06]} Nxd5 {[%clk 1:33:38]} 8.
exd5 {[%clk 1:33:30]} Nb8 {[%clk 1:34:05]} 9. a4 {[%clk 1:33:44]} Be7 {[%clk
1:34:03]} 10. Be2 {[%clk 1:34:06]} O-O {[%clk 1:34:26]} 11. O-O {[%clk
1:34:29]} a6 {[%clk 1:34:20]} 12. Na3 {[%clk 1:34:48]} f5 {[%clk 1:32:34]} 13.
Bd2 {[%clk 1:32:16]} e4 {[%clk 1:31:25]} 14. a5 {[%clk 1:28:02]} Bf6 {[%clk
1:31:24]} 15. Nc4 {[%clk 1:27:12]} Bd4 {[%clk 1:26:40]} 16. c3 {[%clk 1:23:56]}
Be5 {[%clk 1:26:52]} 17. Nb6 {[%clk 1:18:20]} Ra7 {[%clk 1:27:16]} 18. Be3
{[%clk 1:18:44]} f4 {[%clk 1:27:15]} 19. Nxc8 {[%clk 1:17:17]} fxe3 {[%clk
1:27:32]} 20. Nxa7 {[%clk 1:17:31]} Bxh2+ {[%clk 1:27:58]} 21. Kh1 {[%clk
1:15:38]} Qh4 {[%clk 1:26:41]} 22. Bg4 {[%clk 1:15:38]} Rf3 {[%clk 1:26:28]}
23. Be6+ {[%clk 1:08:27]} Kh8 {[%clk 1:26:52]} 24. Qxf3 {[%clk 1:08:22]} exf3
{[%clk 1:27:17]} 25. fxe3 {[%clk 1:07:44]} Bg3+ {[%clk 1:26:59]} 26. Bh3 {[%clk
1:08:02]} f2 {[%clk 1:27:22]} 27. Rad1 {[%clk 1:07:01]} Qc4 {[%clk 1:27:44]}
28. Nc8 {[%clk 1:04:08]} Qe2 {[%clk 1:28:00]} 29. Ne7 {[%clk 1:02:45]} g6
{[%clk 1:28:06]} 30. Be6 {[%clk 0:57:29]} Kg7 {[%clk 1:27:36]} 31. Nc8 {[%clk
0:54:51]} Kf6 {[%clk 1:27:40]} 32. b4 {[%clk 0:52:41]} g5 {[%clk 1:26:34]} 33.
Ra1 {[%clk 0:49:52]} h5 {[%clk 1:22:37]} 34. Rac1 {[%clk 0:47:27]} h4 {[%clk
1:22:24]} 35. c4 {[%clk 0:46:30]} g4 {[%clk 1:22:42]} 36. Rce1 {[%clk 0:43:51]}
Qxc4 {[%clk 1:22:43]} 37. Nxd6 {[%clk 0:42:55]} Bxd6 {[%clk 1:22:27]} 38. Rxf2+
{[%clk 0:43:15]} Kg6 {[%clk 1:22:41]} 39. Ref1 {[%clk 0:43:01]} Be5 {[%clk
1:22:29]} 40. Rf8 {[%clk 0:41:11]} h3 {[%clk 1:21:56]} 41. Rg1 {[%clk 0:36:12]}
Qe2 {[%clk 1:18:45]} 42. Bxg4 {[%clk 0:27:32]} hxg2+ {[%clk 1:18:58]} 43. Rxg2
{[%clk 0:27:57]} Qe1+ {[%clk 1:19:17]} 44. Rg1 {[%clk 0:28:17]} Qh4+ {[%clk
1:19:32]} 45. Bh3+ {[%clk 0:28:40]} Kh6 {[%clk 1:19:37]} 46. Rf3 {[%clk
0:25:06]} Nd7 {[%clk 1:18:04]} 47. Kg2 {[%clk 0:05:27]} Nf6 {[%clk 1:16:30]}
48. Bf5 {[%clk 0:03:38]} Qh2+ {[%clk 1:14:23]} 49. Kf1 {[%clk 0:03:35]} Nxd5
{[%clk 1:07:41]} 50. Rh3+ {[%clk 0:02:56]} Qxh3+ {[%clk 1:08:06]} 51. Bxh3
{[%clk 0:03:19]} Nxe3+ {[%clk 1:08:22]} 52. Ke2 {[%clk 0:01:08]} Nd5 {[%clk
1:08:26]} 53. Rb1 {[%clk 0:01:17]} Nf4+ {[%clk 1:08:19]} 54. Kf3 {[%clk
0:00:56]} Nxh3 {[%clk 1:08:15]} 55. Rh1 {[%clk 0:01:19]} Bc3 {[%clk 1:08:28]}
56. Rxh3+ {[%clk 0:01:15]} Kg5 {[%clk 1:08:46]} 57. Rg3+ {[%clk 0:01:00]} Kf5
{[%clk 1:09:09]} 58. Rg4 {[%clk 0:01:06]} Ke5 {[%clk 1:08:52]} 59. Rc4 {[%clk
0:00:41]} Bd4 {[%clk 1:08:22]} 60. Rc7 {[%clk 0:29:31]} Kd6 {[%clk 1:38:22]}
61. Rxb7 {[%clk 0:29:35]} Kc6 {[%clk 1:38:13]} 62. Ke4 {[%clk 0:27:10]} Kxb7
{[%clk 1:37:34]} 63. Kxd4 {[%clk 0:27:39]} Kc8 {[%clk 1:37:55]} 64. Ke4 {[%clk
0:26:27]} Kc7 {[%clk 1:37:56]} 65. Kd5 {[%clk 0:26:26]} Kd7 {[%clk 1:38:19]}
66. Ke5 {[%clk 0:25:26]} Kc6 {[%clk 1:38:37]} 67. Kd4 {[%clk 0:25:49]} Kd6
{[%clk 1:39:04]} 68. Kc4 {[%clk 0:25:48]} Kc6 {[%clk 1:39:31]} 69. Kd4 {[%clk
0:26:09]} Kd6 {[%clk 1:39:57]} 70. Kc3 {[%clk 0:25:44]} Kc7 {[%clk 1:40:23]}
71. Kb3 {[%clk 0:25:52]} Kb7 {[%clk 1:40:47]} 72. Kc4 {[%clk 0:26:11]} 1/2-1/2

[Event "DVM U12 2018"]
[Site "Magdeburg GER"]
[Date "2018.12.27"]
[Round "2"]
[White "Ermitsch, Magnus"]
[Black "Huo, Da"]
[Result "1/2-1/2"]
[Termination "normal"]
[Board "1.2"]
[WhiteElo "1627"]
[BlackElo "1661"]
[WhiteClock "00:12:50"]
[BlackClock "00:20:48"]
[WhiteTeam "SC Borussia Lichtenberg"]
[BlackTeam "Hamburger SK"]
[PlyCount "82"]
[WhiteFideId "16234464"]
[BlackFideId "16221206"]
[EventCountry "GER"]
[EventRounds "7"]
[EventType "team-swiss"]
[EventDate "2018.12.26"]

1. e4 {[%clk 1:30:22]} c5 {[%clk 1:30:52]} 2. Nf3 {[%clk 1:30:03]} d6 {[%clk
1:31:03]} 3. d4 {[%clk 1:29:19]} cxd4 {[%clk 1:31:30]} 4. Nxd4 {[%clk 1:26:58]}
Nf6 {[%clk 1:31:11]} 5. Nc3 {[%clk 1:25:58]} a6 {[%clk 1:31:34]} 6. Be3 {[%clk
1:24:47]} Nbd7 {[%clk 1:31:32]} 7. Be2 {[%clk 1:24:00]} b5 {[%clk 1:28:46]} 8.
O-O {[%clk 1:18:05]} Bb7 {[%clk 1:28:59]} 9. f3 {[%clk 1:16:10]} e6 {[%clk
1:27:59]} 10. a3 {[%clk 1:02:19]} Be7 {[%clk 1:28:00]} 11. Qd2 {[%clk 0:57:44]}
O-O {[%clk 1:28:09]} 12. Nb3 {[%clk 0:53:55]} Ne5 {[%clk 1:27:05]} 13. Qd4
{[%clk 0:52:55]} Qc7 {[%clk 1:13:44]} 14. Kh1 {[%clk 0:47:22]} Nc4 {[%clk
1:09:17]} 15. Bxc4 {[%clk 0:43:33]} bxc4 {[%clk 1:05:37]} 16. Nd2 {[%clk
0:42:24]} Rac8 {[%clk 1:03:12]} 17. a4 {[%clk 0:39:15]} Nd7 {[%clk 1:02:47]}
18. Bg1 {[%clk 0:37:46]} f5 {[%clk 0:34:11]} 19. a5 {[%clk 0:35:54]} Bf6 {[%clk
0:31:36]} 20. Qf2 {[%clk 0:35:18]} Bxc3 {[%clk 0:31:59]} 21. bxc3 {[%clk
0:35:40]} fxe4 {[%clk 0:32:26]} 22. Qe2 {[%clk 0:35:10]} Nf6 {[%clk 0:27:32]}
23. fxe4 {[%clk 0:34:45]} Qc6 {[%clk 0:26:46]} 24. Rab1 {[%clk 0:33:19]} Qc7
{[%clk 0:13:01]} 25. Bb6 {[%clk 0:33:14]} Qc6 {[%clk 0:12:18]} 26. Bg1 {[%clk
0:32:07]} Qc7 {[%clk 0:11:32]} 27. Bb6 {[%clk 0:31:43]} Qd7 {[%clk 0:11:00]}
28. e5 {[%clk 0:26:49]} dxe5 {[%clk 0:10:10]} 29. Nxc4 {[%clk 0:27:04]} Bxg2+
{[%clk 0:10:28]} 30. Kxg2 {[%clk 0:25:20]} Qd5+ {[%clk 0:10:14]} 31. Rf3 {[%clk
0:24:59]} Rxc4 {[%clk 0:09:14]} 32. Rd1 {[%clk 0:23:55]} Qb5 {[%clk 0:09:09]}
33. Kh1 {[%clk 0:19:50]} e4 {[%clk 0:08:03]} 34. Rg3 {[%clk 0:18:38]} Rd4
{[%clk 0:05:30]} 35. Rxg7+ {[%clk 0:18:06]} Kxg7 {[%clk 0:02:58]} 36. Qg2+
{[%clk 0:17:55]} Kf7 {[%clk 0:02:50]} 37. cxd4 {[%clk 0:17:55]} Rg8 {[%clk
0:02:53]} 38. Qf2 {[%clk 0:17:42]} Qc6 {[%clk 0:02:18]} 39. d5 {[%clk 0:13:06]}
exd5 {[%clk 0:01:49]} 40. Bd4 {[%clk 0:12:43]} Rg6 {[%clk 0:00:49]} 41. Rf1
{[%clk 0:12:50]} Qd6 {[%clk 0:20:48]} 1/2-1/2

[Event "DVM U12 2018"]
[Site "Magdeburg GER"]
[Date "2018.12.27"]
[Round "2"]
[White "Genov, Valentin"]
[Black "Zielke, Ansgar"]
[Result "1-0"]
[Termination "normal"]
[Board "1.3"]
[WhiteTitle "CM"]
[WhiteElo "1743"]
[BlackElo "1642"]
[WhiteClock "00:06:04"]
[BlackClock "00:03:28"]
[WhiteTeam "Hamburger SK"]
[BlackTeam "SC Borussia Lichtenberg"]
[PlyCount "81"]
[WhiteFideId "2919745"]
[BlackFideId "16244800"]
[EventCountry "GER"]
[EventRounds "7"]
[EventType "team-swiss"]
[EventDate "2018.12.26"]

1. d4 {[%clk 1:30:30]} d5 {[%clk 1:30:40]} 2. c4 {[%clk 1:30:55]} c6 {[%clk
1:30:38]} 3. Nc3 {[%clk 1:31:19]} Nf6 {[%clk 1:30:40]} 4. Nf3 {[%clk 1:28:06]}
dxc4 {[%clk 1:25:09]} 5. a4 {[%clk 1:25:54]} Bf5 {[%clk 1:24:54]} 6. e3 {[%clk
1:24:25]} e6 {[%clk 1:18:10]} 7. Bxc4 {[%clk 1:23:27]} Bd6 {[%clk 1:13:11]} 8.
O-O {[%clk 1:22:51]} O-O {[%clk 1:08:38]} 9. Re1 {[%clk 1:21:46]} Bc7 {[%clk
1:01:11]} 10. h3 {[%clk 1:11:41]} Nbd7 {[%clk 0:54:42]} 11. e4 {[%clk 1:04:48]}
Bg6 {[%clk 0:55:00]} 12. b4 {[%clk 1:04:21]} a5 {[%clk 0:51:43]} 13. b5 {[%clk
0:59:17]} Nb6 {[%clk 0:43:47]} 14. Bd3 {[%clk 0:56:08]} Rc8 {[%clk 0:42:14]}
15. Bg5 {[%clk 0:54:18]} Qd7 {[%clk 0:36:27]} 16. bxc6 {[%clk 0:47:26]} bxc6
{[%clk 0:34:56]} 17. Rc1 {[%clk 0:43:23]} h6 {[%clk 0:33:36]} 18. Bxf6 {[%clk
0:42:32]} gxf6 {[%clk 0:33:53]} 19. Ba6 {[%clk 0:41:51]} Ra8 {[%clk 0:33:52]}
20. Bb7 {[%clk 0:41:08]} Bh2+ {[%clk 0:32:07]} 21. Nxh2 {[%clk 0:37:19]} Qxb7
{[%clk 0:32:27]} 22. Ng4 {[%clk 0:37:20]} Kg7 {[%clk 0:32:40]} 23. Qd2 {[%clk
0:36:44]} Rh8 {[%clk 0:29:27]} 24. Qf4 {[%clk 0:33:21]} Nd7 {[%clk 0:27:39]}
25. d5 {[%clk 0:23:41]} e5 {[%clk 0:24:46]} 26. Qf3 {[%clk 0:22:57]} cxd5
{[%clk 0:15:58]} 27. Nxd5 {[%clk 0:22:33]} Rac8 {[%clk 0:07:01]} 28. Ndxf6
{[%clk 0:17:12]} Rxc1 {[%clk 0:05:04]} 29. Rxc1 {[%clk 0:17:27]} Qb2 {[%clk
0:04:11]} 30. Rd1 {[%clk 0:15:10]} Nxf6 {[%clk 0:03:56]} 31. Qxf6+ {[%clk
0:13:10]} Kh7 {[%clk 0:04:18]} 32. Qxe5 {[%clk 0:08:41]} Qxe5 {[%clk 0:03:52]}
33. Nxe5 {[%clk 0:09:07]} Bxe4 {[%clk 0:04:14]} 34. Nxf7 {[%clk 0:08:51]} Rf8
{[%clk 0:03:31]} 35. Ne5 {[%clk 0:07:52]} Bc2 {[%clk 0:02:38]} 36. Rd7+ {[%clk
0:08:00]} Kg8 {[%clk 0:03:02]} 37. Ra7 {[%clk 0:06:58]} Bxa4 {[%clk 0:03:15]}
38. Rxa5 {[%clk 0:06:47]} Bb3 {[%clk 0:03:09]} 39. Ng4 {[%clk 0:06:07]} Kg7
{[%clk 0:03:21]} 40. Ra7+ {[%clk 0:05:49]} Bf7 {[%clk 0:03:28]} 41. Ne5 {[%clk
0:06:04]} 1-0

[Event "DVM U12 2018"]
[Site "Magdeburg GER"]
[Date "2018.12.27"]
[Round "2"]
[White "Zobel, Christian"]
[Black "Fuhrmann, Bahne"]
[Result "0-1"]
[Termination "normal"]
[Board "1.4"]
[WhiteElo "1364"]
[BlackElo "1584"]
[WhiteClock "01:05:56"]
[BlackClock "00:48:05"]
[WhiteTeam "SC Borussia Lichtenberg"]
[BlackTeam "Hamburger SK"]
[PlyCount "50"]
[WhiteFideId "16259068"]
[BlackFideId "16244842"]
[EventCountry "GER"]
[EventRounds "7"]
[EventType "team-swiss"]
[EventDate "2018.12.26"]

1. e4 {[%clk 1:30:56]} e5 {[%clk 1:30:56]} 2. Nf3 {[%clk 1:31:18]} Nc6 {[%clk
1:31:22]} 3. g3 {[%clk 1:31:39]} Bc5 {[%clk 1:30:24]} 4. Bg2 {[%clk 1:31:21]}
Nf6 {[%clk 1:29:40]} 5. Nc3 {[%clk 1:31:37]} O-O {[%clk 1:29:01]} 6. O-O {[%clk
1:31:03]} h6 {[%clk 1:26:09]} 7. Na4 {[%clk 1:30:07]} Bb6 {[%clk 1:24:58]} 8.
Nxb6 {[%clk 1:30:22]} axb6 {[%clk 1:24:49]} 9. d3 {[%clk 1:28:43]} Re8 {[%clk
1:21:24]} 10. Ne1 {[%clk 1:26:22]} d5 {[%clk 1:17:49]} 11. exd5 {[%clk
1:20:10]} Nxd5 {[%clk 1:17:47]} 12. f4 {[%clk 1:18:27]} exf4 {[%clk 1:15:01]}
13. Bxf4 {[%clk 1:18:41]} Nxf4 {[%clk 1:13:46]} 14. Rxf4 {[%clk 1:18:54]} Nd4
{[%clk 1:11:55]} 15. Kh1 {[%clk 1:16:39]} Nc6 {[%clk 1:03:26]} 16. a3 {[%clk
1:14:09]} g5 {[%clk 1:01:11]} 17. Rf2 {[%clk 1:13:35]} Qd4 {[%clk 0:59:46]} 18.
Qf3 {[%clk 1:13:03]} Ne5 {[%clk 0:55:22]} 19. Qf6 {[%clk 1:11:27]} Re6 {[%clk
0:54:10]} 20. Qf5 {[%clk 1:10:22]} Rd6 {[%clk 0:51:33]} 21. Qe4 {[%clk
1:10:05]} Qxf2 {[%clk 0:50:22]} 22. Qxe5 {[%clk 1:10:21]} Re6 {[%clk 0:49:27]}
23. Qc3 {[%clk 1:06:55]} Re2 {[%clk 0:48:19]} 24. b4 {[%clk 1:05:59]} Bh3
{[%clk 0:48:05]} 25. Bxh3 {[%clk 1:05:56]} Qxh2# 0-1

[Event "DVM U12 2018"]
[Site "Magdeburg GER"]
[Date "2018.12.27"]
[Round "2"]
[White "Reichmann, Felix"]
[Black "Wiedersich, Hendryk"]
[Result "1-0"]
[Termination "normal"]
[Board "2.2"]
[WhiteElo "1640"]
[BlackElo "1509"]
[WhiteClock "00:13:11"]
[BlackClock "00:53:26"]
[WhiteTeam "SF Nordost Berlin"]
[BlackTeam "SV Dresden-Leuben"]
[PlyCount "135"]
[WhiteFideId "16238290"]
[BlackFideId "16255399"]
[EventCountry "GER"]
[EventRounds "7"]
[EventType "team-swiss"]
[EventDate "2018.12.26"]

1. c4 {[%clk 1:30:56]} c6 {[%clk 1:30:51]} 2. g3 {[%clk 1:31:22]} d5 {[%clk
1:31:12]} 3. Bg2 {[%clk 1:31:47]} e5 {[%clk 1:31:30]} 4. cxd5 {[%clk 1:32:12]}
cxd5 {[%clk 1:31:50]} 5. d4 {[%clk 1:32:35]} e4 {[%clk 1:31:58]} 6. Nc3 {[%clk
1:32:43]} f5 {[%clk 1:30:16]} 7. Nh3 {[%clk 1:32:27]} Nf6 {[%clk 1:29:44]} 8.
Bg5 {[%clk 1:32:16]} Be7 {[%clk 1:29:20]} 9. O-O {[%clk 1:31:50]} O-O {[%clk
1:28:23]} 10. Bxf6 {[%clk 1:31:31]} Rxf6 {[%clk 1:28:41]} 11. Nf4 {[%clk
1:31:48]} Be6 {[%clk 1:28:53]} 12. Qb3 {[%clk 1:32:12]} Nc6 {[%clk 1:25:08]}
13. Ncxd5 {[%clk 1:15:40]} Bxd5 {[%clk 1:24:42]} 14. Qxd5+ {[%clk 1:15:44]}
Qxd5 {[%clk 1:25:00]} 15. Nxd5 {[%clk 1:16:09]} Rd6 {[%clk 1:25:13]} 16. Nxe7+
{[%clk 1:16:25]} Nxe7 {[%clk 1:25:34]} 17. e3 {[%clk 1:16:52]} Rc6 {[%clk
1:25:34]} 18. Rfc1 {[%clk 1:17:14]} Rac8 {[%clk 1:25:56]} 19. Rxc6 {[%clk
1:17:14]} Rxc6 {[%clk 1:26:16]} 20. Rb1 {[%clk 1:17:27]} Nd5 {[%clk 1:26:25]}
21. g4 {[%clk 1:14:12]} g6 {[%clk 1:25:46]} 22. gxf5 {[%clk 1:10:26]} gxf5
{[%clk 1:25:57]} 23. Bh3 {[%clk 1:10:47]} f4 {[%clk 1:25:52]} 24. Bf5 {[%clk
1:10:39]} fxe3 {[%clk 1:24:58]} 25. Bxe4 {[%clk 1:02:09]} exf2+ {[%clk
1:25:14]} 26. Kxf2 {[%clk 1:02:32]} Rd6 {[%clk 1:25:23]} 27. Bxd5+ {[%clk
1:01:10]} Rxd5 {[%clk 1:23:49]} 28. Rd1 {[%clk 1:00:05]} Ra5 {[%clk 1:22:55]}
29. a3 {[%clk 1:00:19]} Rb5 {[%clk 1:23:17]} 30. b4 {[%clk 0:56:09]} a5 {[%clk
1:23:38]} 31. bxa5 {[%clk 0:54:45]} Rxa5 {[%clk 1:23:59]} 32. Rd3 {[%clk
0:54:52]} Kf7 {[%clk 1:24:13]} 33. Rb3 {[%clk 0:54:43]} Rf5+ {[%clk 1:22:06]}
34. Kg3 {[%clk 0:52:21]} b5 {[%clk 1:21:27]} 35. Rb4 {[%clk 0:50:54]} Ke6
{[%clk 1:20:13]} 36. Rb3 {[%clk 0:51:13]} Kd6 {[%clk 1:18:32]} 37. Kg4 {[%clk
0:47:28]} Rd5 {[%clk 1:18:27]} 38. Rd3 {[%clk 0:47:40]} Kc6 {[%clk 1:15:39]}
39. h3 {[%clk 0:47:42]} b4 {[%clk 1:15:43]} 40. axb4 {[%clk 0:48:05]} Kb5
{[%clk 1:16:06]} 41. Kf4 {[%clk 0:48:18]} Kxb4 {[%clk 1:15:58]} 42. Ke4 {[%clk
0:48:43]} Rd8 {[%clk 1:16:03]} 43. d5 {[%clk 0:48:40]} Kc5 {[%clk 1:16:00]} 44.
Rc3+ {[%clk 0:46:54]} Kd6 {[%clk 1:14:27]} 45. Rc6+ {[%clk 0:45:24]} Kd7 {[%clk
1:14:42]} 46. Ra6 {[%clk 0:45:11]} Re8+ {[%clk 1:13:42]} 47. Kd4 {[%clk
0:45:22]} Rh8 {[%clk 1:09:51]} 48. Rh6 {[%clk 0:42:22]} Ke7 {[%clk 1:02:36]}
49. d6+ {[%clk 0:38:55]} Kf7 {[%clk 1:02:56]} 50. Ke5 {[%clk 0:38:33]} Re8+
{[%clk 1:02:59]} 51. Kf5 {[%clk 0:36:50]} Rh8 {[%clk 0:57:20]} 52. Rf6+ {[%clk
0:28:24]} Ke8 {[%clk 0:57:12]} 53. Ke6 {[%clk 0:28:12]} Kd8 {[%clk 0:57:07]}
54. Rh6 {[%clk 0:24:59]} Re8+ {[%clk 0:56:45]} 55. Kd5 {[%clk 0:24:23]} Re1
{[%clk 0:56:57]} 56. Rxh7 {[%clk 0:24:40]} Rd1+ {[%clk 0:57:20]} 57. Ke5 {[%clk
0:19:52]} Re1+ {[%clk 0:57:24]} 58. Kf5 {[%clk 0:19:46]} Rf1+ {[%clk 0:55:28]}
59. Kg5 {[%clk 0:19:50]} Rg1+ {[%clk 0:55:47]} 60. Kh5 {[%clk 0:20:15]} Rh1
{[%clk 0:56:07]} 61. h4 {[%clk 0:20:37]} Rd1 {[%clk 0:55:13]} 62. Rh6 {[%clk
0:18:39]} Kd7 {[%clk 0:54:56]} 63. Rg6 {[%clk 0:17:11]} Rd4 {[%clk 0:54:43]}
64. Kg5 {[%clk 0:16:52]} Rd5+ {[%clk 0:53:06]} 65. Kh6 {[%clk 0:14:30]} Ke8
{[%clk 0:53:25]} 66. Rf6 {[%clk 0:13:32]} Rd4 {[%clk 0:53:09]} 67. h5 {[%clk
0:13:53]} Rg4 {[%clk 0:53:26]} 68. Kh7 {[%clk 0:13:11]} 1-0

[Event "DVM U12 2018"]
[Site "Magdeburg GER"]
[Date "2018.12.27"]
[Round "2"]
[White "Beck, Felix"]
[Black "Bregulla, Paul"]
[Result "1/2-1/2"]
[Termination "normal"]
[Board "2.4"]
[WhiteElo "1414"]
[BlackElo "1539"]
[WhiteClock "00:28:42"]
[BlackClock "00:25:52"]
[WhiteTeam "SF Nordost Berlin"]
[BlackTeam "SV Dresden-Leuben"]
[PlyCount "54"]
[WhiteFideId "16255364"]
[BlackFideId "16259564"]
[EventCountry "GER"]
[EventRounds "7"]
[EventType "team-swiss"]
[EventDate "2018.12.26"]

1. c4 {[%clk 1:30:57]} e5 {[%clk 1:30:42]} 2. g3 {[%clk 1:31:19]} Bc5 {[%clk
1:30:22]} 3. Bg2 {[%clk 1:31:32]} Nf6 {[%clk 1:30:24]} 4. Nc3 {[%clk 1:31:48]}
O-O {[%clk 1:28:53]} 5. e3 {[%clk 1:32:05]} c6 {[%clk 1:28:47]} 6. Nge2 {[%clk
1:31:43]} d5 {[%clk 1:27:43]} 7. cxd5 {[%clk 1:31:43]} Nxd5 {[%clk 1:26:34]} 8.
O-O {[%clk 1:30:40]} Be6 {[%clk 1:24:25]} 9. d4 {[%clk 1:29:29]} exd4 {[%clk
1:21:09]} 10. exd4 {[%clk 1:26:32]} Bb6 {[%clk 1:19:36]} 11. Re1 {[%clk
1:24:41]} Nxc3 {[%clk 1:15:09]} 12. bxc3 {[%clk 1:25:00]} Nd7 {[%clk 1:15:09]}
13. a4 {[%clk 1:24:38]} Nf6 {[%clk 1:11:57]} 14. Bg5 {[%clk 1:18:58]} a6 {[%clk
1:08:53]} 15. Bxf6 {[%clk 1:18:45]} Qxf6 {[%clk 1:08:59]} 16. Rb1 {[%clk
1:18:38]} Qd8 {[%clk 1:06:05]} 17. a5 {[%clk 1:15:40]} Bxa5 {[%clk 1:04:35]}
18. Rxb7 {[%clk 1:15:51]} Bd5 {[%clk 1:02:22]} 19. Qc2 {[%clk 1:09:55]} Rb8
{[%clk 0:57:54]} 20. Rxb8 {[%clk 1:09:00]} Qxb8 {[%clk 0:58:03]} 21. Ra1 {[%clk
1:08:49]} Qb5 {[%clk 0:54:57]} 22. Bxd5 {[%clk 1:02:24]} cxd5 {[%clk 0:51:36]}
23. Rb1 {[%clk 1:01:32]} Qc4 {[%clk 0:49:06]} 24. Ra1 {[%clk 0:49:29]} Re8
{[%clk 0:40:50]} 25. Ra2 {[%clk 0:45:48]} f6 {[%clk 0:36:11]} 26. Kg2 {[%clk
0:31:49]} Bc7 {[%clk 0:30:45]} 27. Nc1 {[%clk 0:28:42]} a5 {[%clk 0:25:52]}
1/2-1/2

[Event "DVM U12 2018"]
[Site "Magdeburg GER"]
[Date "2018.12.27"]
[Round "2"]
[White "Hommer, Jeremy"]
[Black "Bolz, Jannis"]
[Result "1-0"]
[Termination "normal"]
[Board "3.1"]
[WhiteElo "1965"]
[BlackElo "1447"]
[WhiteClock "00:43:32"]
[BlackClock "00:22:10"]
[WhiteTeam "SC Turm Lüneburg"]
[BlackTeam "DJK Aufwärts St. Josef Aachen"]
[PlyCount "53"]
[WhiteFideId "12992577"]
[BlackFideId "16214897"]
[EventCountry "GER"]
[EventRounds "7"]
[EventType "team-swiss"]
[EventDate "2018.12.26"]

1. e4 {[%clk 1:30:58]} e5 {[%clk 1:30:54]} 2. Nf3 {[%clk 1:31:22]} Nc6 {[%clk
1:31:19]} 3. Bc4 {[%clk 1:31:47]} Bc5 {[%clk 1:31:08]} 4. c3 {[%clk 1:32:07]}
Nf6 {[%clk 1:31:33]} 5. d3 {[%clk 1:32:33]} d6 {[%clk 1:31:46]} 6. O-O {[%clk
1:32:53]} a6 {[%clk 1:32:10]} 7. Bb3 {[%clk 1:33:12]} Ba7 {[%clk 1:32:22]} 8.
Nbd2 {[%clk 1:33:19]} h6 {[%clk 1:32:46]} 9. Re1 {[%clk 1:32:56]} Ng4 {[%clk
1:31:40]} 10. Re2 {[%clk 1:32:30]} Nf6 {[%clk 1:31:56]} 11. Nf1 {[%clk
1:31:49]} Bg4 {[%clk 1:32:22]} 12. Re1 {[%clk 1:31:02]} Qd7 {[%clk 1:30:40]}
13. Be3 {[%clk 1:29:21]} O-O {[%clk 1:23:04]} 14. Bxa7 {[%clk 1:29:00]} Nxa7
{[%clk 1:23:16]} 15. h3 {[%clk 1:28:56]} Be6 {[%clk 1:23:28]} 16. Bc2 {[%clk
1:28:43]} Qb5 {[%clk 1:21:35]} 17. Qc1 {[%clk 1:20:23]} Nh5 {[%clk 1:21:02]}
18. a4 {[%clk 1:14:19]} Qd7 {[%clk 1:20:11]} 19. d4 {[%clk 1:10:37]} f5 {[%clk
1:06:23]} 20. exf5 {[%clk 0:57:55]} Bxf5 {[%clk 1:06:40]} 21. Bxf5 {[%clk
0:56:44]} Rxf5 {[%clk 1:06:33]} 22. dxe5 Nf4 {[%clk 0:58:06]} 23. Nd4 {[%clk
0:45:54]} Nd3 {[%clk 0:27:44]} 24. e6 {[%clk 0:44:26]} Qe8 {[%clk 0:24:52]} 25.
Qd2 {[%clk 0:43:33]} Nxe1 {[%clk 0:24:08]} 26. Nxf5 {[%clk 0:43:09]} Qg6 {[%clk
0:22:10]} 27. Ne7+ {[%clk 0:43:32]} 1-0

[Event "DVM U12 2018"]
[Site "Magdeburg GER"]
[Date "2018.12.27"]
[Round "2"]
[White "Baltic, Sara"]
[Black "Bildat, Emilia"]
[Result "0-1"]
[Termination "normal"]
[Board "3.2"]
[WhiteElo "1529"]
[BlackElo "1634"]
[WhiteClock "00:00:55"]
[BlackClock "00:46:23"]
[WhiteTeam "DJK Aufwärts St. Josef Aachen"]
[BlackTeam "SC Turm Lüneburg"]
[PlyCount "72"]
[WhiteFideId "16210409"]
[BlackFideId "16218140"]
[EventCountry "GER"]
[EventRounds "7"]
[EventType "team-swiss"]
[EventDate "2018.12.26"]

1. e4 {[%clk 1:30:57]} c5 {[%clk 1:30:54]} 2. Nf3 {[%clk 1:31:22]} g6 {[%clk
1:31:18]} 3. d4 {[%clk 1:30:02]} cxd4 {[%clk 1:31:37]} 4. Nxd4 {[%clk 1:30:16]}
Bg7 {[%clk 1:31:59]} 5. Nf3 {[%clk 1:23:00]} Nc6 {[%clk 1:31:56]} 6. Bd3 {[%clk
1:17:52]} d6 {[%clk 1:29:49]} 7. c3 {[%clk 1:09:12]} Nf6 {[%clk 1:28:01]} 8.
Nbd2 {[%clk 1:06:01]} O-O {[%clk 1:26:02]} 9. O-O {[%clk 1:06:11]} d5 {[%clk
1:22:47]} 10. exd5 {[%clk 0:59:39]} Nxd5 {[%clk 1:21:54]} 11. Be4 {[%clk
0:56:58]} Nb6 {[%clk 1:15:06]} 12. Bxc6 {[%clk 0:52:35]} bxc6 {[%clk 1:15:13]}
13. Ne4 {[%clk 0:49:46]} Bf5 {[%clk 1:14:04]} 14. Qe2 {[%clk 0:48:21]} Qd5
{[%clk 1:13:12]} 15. Re1 {[%clk 0:45:41]} Rad8 {[%clk 1:08:23]} 16. Bf4 {[%clk
0:40:37]} Qd3 {[%clk 1:04:06]} 17. Qxd3 {[%clk 0:37:30]} Rxd3 {[%clk 1:04:29]}
18. Ng3 {[%clk 0:33:00]} Bg4 {[%clk 1:01:57]} 19. Ne5 {[%clk 0:27:53]} Bxe5
{[%clk 1:01:45]} 20. Bxe5 {[%clk 0:28:04]} f6 {[%clk 1:00:39]} 21. Bd4 {[%clk
0:27:13]} e5 {[%clk 0:58:25]} 22. Bxb6 {[%clk 0:21:55]} axb6 {[%clk 0:58:44]}
23. h3 {[%clk 0:21:46]} Be6 {[%clk 0:58:07]} 24. Ne4 {[%clk 0:20:54]} Kf7
{[%clk 0:57:21]} 25. f3 {[%clk 0:14:19]} Rfd8 {[%clk 0:55:53]} 26. Kf1 {[%clk
0:09:23]} Bc4 {[%clk 0:52:19]} 27. b3 {[%clk 0:05:21]} Bd5 {[%clk 0:51:33]} 28.
c4 {[%clk 0:04:06]} Bxe4 {[%clk 0:51:17]} 29. Rxe4 {[%clk 0:04:25]} Ra8 {[%clk
0:47:37]} 30. Ke2 {[%clk 0:02:26]} Rxb3 {[%clk 0:47:25]} 31. Kd1 {[%clk
0:01:02]} Rb2 {[%clk 0:46:08]} 32. Re2 {[%clk 0:01:09]} Rxe2 {[%clk 0:45:54]}
33. Kxe2 {[%clk 0:01:27]} Ke6 {[%clk 0:46:17]} 34. Kd3 {[%clk 0:01:15]} Kd6
{[%clk 0:46:05]} 35. Kc3 {[%clk 0:01:08]} Kc5 {[%clk 0:46:14]} 36. a3 {[%clk
0:00:55]} Ra4 {[%clk 0:46:23]} 0-1